Anthologie de la poésie russe: la renaissance du XX siècle
Na minha lista:
| Autor principal: | |
|---|---|
| Formato: | Livro |
| Idioma: | francês russo |
| Publicado em: |
París
Aubier-Flammarion
1970
|
| Colecção: | Bilingue Aubier Flammarion, 35
|
| Assuntos: | |
| Tags: |
Adicionar Tag
Sem tags, seja o primeiro a adicionar uma tag!
|
MARC
| LEADER | 00000nam a2200000 a 4500 | ||
|---|---|---|---|
| 001 | UCR7480 | ||
| 003 | CL-VaPUC | ||
| 008 | 980515e19700000FR |||||||||||||||||fre|d | ||
| 041 | 0 | 7 | |a fre |2 CL-VaPUC |
| 041 | 0 | 7 | |a rus |2 CL-VaPUC |
| 082 | 0 | 4 | |a 891.71 |b STR |2 21 |
| 100 | 0 | |a Struve, N |e author |9 408766 | |
| 245 | 1 | 0 | |a Anthologie de la poésie russe: la renaissance du XX siècle |
| 300 | |a 253 p | ||
| 942 | |c BK | ||
| 945 | |d 19980515 00:00:00 |a mvenant | ||
| 260 | |a París |b Aubier-Flammarion |c 1970 | ||
| 650 | 0 | |a Poesías rusas |9 266684 | |
| 650 | 7 | |a LITERATURA RUSA SIGLO 20 |2 CL-VaPUC |9 403570 | |
| 583 | |a last modification |c 20160912 03:27:23 |k Rodrigo Vera | ||
| 490 | 0 | |a Bilingue Aubier Flammarion, 35 | |
| 999 | |c 269090 |d 269088 | ||
| 952 | |0 0 |1 0 |4 0 |6 891_710000000000000_STR_1970 |7 0 |8 A |9 302711 |a BIBEDU |b BIBEDU |d 2019-11-20 |i 342684K |o 891.71 STR 1970 |p 342684K |r 2019-11-20 |w 2019-11-20 |y BK |k LIT | ||